| 000 | 00658nas a2200181 a 4500 | ||
|---|---|---|---|
| 020 | _a9789251062807 | ||
| 040 | _cFUG | ||
| 082 | _aFAO THE 2009 C289 Or. | ||
| 100 | _aFood and Agriculture Organization of the United Nations | ||
| 245 | 0 | 4 |
_aThe state of agricultural commodity markets 2009: _b high food prices and the food crisis -- experiences and lessons learned |
| 300 |
_avolumes : _bcolor illustrations ; _c30 cm |
||
| 650 | 0 | _aFood industry and trade | |
| 650 | 0 | _aFood industry and trade | |
| 650 | 0 | _aCommodity exchanges | |
| 650 | 0 | _aCommodity exchanges | |
| 710 | 2 | _aFood and Agriculture Organization of the United Nations. | |
| 942 | _cAEDBB | ||
| 999 |
_c22400 _d22400 |
||